[Event "New York/Lyon (m/4)"]
[Site "?"]
[Date "1990.??.??"]
[Round "?"]
[White "Kasparov, Garry"]
[Black "Karpov, An"]
[Result "1/2-1/2"]
[WhiteElo "2800"]
[BlackElo "2730"]
[PlyCount "81"]
[EventDate "1990.??.??"]
[Source "ChessBase"]
[SourceDate "1990.07.01"]

1. e4 e5 2. Nf3 Nc6 3. Bb5 a6 4. Ba4 Nf6 5. O-O Be7 6. Re1 b5 7. Bb3 d6 8. c3 O-O 9. h3 Bb7 10. d4 Re8 11. Nbd2 Bf8 12. a4 h6 13. Bc2 exd4 14. cxd4 Nb4 15. Bb1 c5 16. d5 Nd7 17. Ra3 f5 18. exf5 Nf6 19. Ne4 Bxd5 20. Nxf6+ Qxf6 21. Bd2 Qxb2 22. Bxb4 Bf7 23. Re6 Qxb4 24. Rb3 Qxa4 25. Bc2 Rad8 26. Rbe3 Qb4 27. g3 a5 28. Nh4 d5 29. Qe2 Qc4 30. Bd3 Qc1+ 31. Kg2 c4 32. Bc2 Bxe6 33. Rxe6 Rxe6 34. Qxe6+ Kh8 35. Ng6+ Kh7 36. Qe2 Qg5 37. f6 Qxf6 38. Nxf8+ Kg8 39. Ng6 Qf7 40. Ne7+ Kf8 41. Ng6+ 1/2-1/2

[Event "New York"]
[Site "New York, NY USA"]
[Date "1990.??.??"]
[Round "?"]
[White "Kasparov, Gary"]
[Black "Karpov, Anatoly"]
[Result "1-0"]
[WhiteElo "2800"]
[BlackElo "2730"]
[PlyCount "83"]
[EventDate "1990.??.??"]
[Source "www.chesslib.no"]
[SourceDate "2004.05.04"]

1. e4 e5 2. Nf3 Nc6 3. Bb5 a6 4. Ba4 Nf6 5. O-O Be7 6. Re1 b5 7. Bb3 d6 8. c3 O-O 9. h3 Bb7 10. d4 Re8 11. Nbd2 Bf8 12. a4 h6 13. Bc2 exd4 14. cxd4 Nb4 15. Bb1 c5 16. d5 Nd7 17. Ra3 f5 18. Rae3 Nf6 19. Nh2 Kh8 20. b3 bxa4 21. bxa4 fxe4 22. Nxe4 Nfxd5 23. Rg3 c4 24. Bb2 Re6 25. Ng4 Qe8 26. Nxh6 c3 27. Nf5 cxb2 28. Qg4 Bc8 29. Qh4+ Rh6 30. Nxh6 gxh6 31. Kh2 Qe5 32. Ng5 Qf6 33. Re8 Bf5 34. Qxh6+ Qxh6 35. Nf7+ Kh7 36. Bxf5+ Qg6 37. Bxg6+ Kg7 38. Rxa8 Be7 39. Rb8 a5 40. Be4+ Kxf7 41. Bxd5+ Nxd5 42. Rxb2 1-0

[Event "New York/Lyon (m/2)"]
[Site "?"]
[Date "1990.??.??"]
[Round "?"]
[White "Kasparov, Garry"]
[Black "Karpov, An"]
[Result "1-0"]
[WhiteElo "2800"]
[BlackElo "2730"]
[PlyCount "87"]
[EventDate "1990.??.??"]
[Source "ChessBase"]
[SourceDate "1990.07.01"]

1. e4 e5 2. Nf3 Nc6 3. Bb5 a6 4. Ba4 Nf6 5. O-O Be7 6. Re1 b5 7. Bb3 d6 8. c3 O-O 9. h3 Bb7 10. d4 Re8 11. Nbd2 Bf8 12. a4 h6 13. Bc2 exd4 14. cxd4 Nb4 15. Bb1 bxa4 16. Rxa4 a5 17. Ra3 Ra6 18. Nh2 g6 19. f3 Qd7 20. Nc4 Qb5 21. Rc3 Bc8 22. Be3 c6 23. Qc1 Kh7 24. Ng4 Ng8 25. Bxh6 Bxh6 26. Nxh6 Nxh6 27. Nxd6 Qb6 28. Nxe8 Qxd4+ 29. Kh1 Qd8 30. Rd1 Qxe8 31. Qg5 Ra7 32. Rd8 Qe6 33. f4 Ba6 34. f5 Qe7 35. Qd2 Qe5 36. Qf2 Qe7 37. Qd4 Ng8 38. e5 Nd5 39. fxg6+ fxg6 40. Rxc6 Qxd8 41. Qxa7+ Nde7 42. Rxa6 Qd1+ 43. Qg1 Qd2 44. Qf1 1-0

[Event "51/358"]
[Site "Amsterdam 51/358"]
[Date "1991.??.??"]
[Round "?"]
[White "Kasparov, Gary"]
[Black "Karpov, Anatoly"]
[Result "1/2-1/2"]
[WhiteElo "2800"]
[BlackElo "2725"]
[PlyCount "54"]
[EventDate "1991.??.??"]
[Source "www.chesslib.no"]
[SourceDate "2004.05.04"]

1. e4 e5 2. Nf3 Nc6 3. Bb5 a6 4. Ba4 Nf6 5. O-O Be7 6. Re1 b5 7. Bb3 d6 8. c3 O-O 9. h3 Bb7 10. d4 Re8 11. Nbd2 Bf8 12. a4 h6 13. Bc2 exd4 14. cxd4 Nb4 15. Bb1 c5 16. d5 Nd7 17. Ra3 f5 18. Rae3 Nf6 19. Nh2 Qd7 20. exf5 Rxe3 21. fxe3 Bxd5 22. Ng4 Be7 23. e4 Bf7 24. Nf3 Ne8 25. f6 Bc4 26. fxe7 Nf6 27. g3 Kf7 1/2-1/2

[Event "Unknown"]
[Site "Unknown"]
[Date "1985.??.??"]
[Round "?"]
[White "Kasparov, Gary"]
[Black "Karpov, Anatoly"]
[Result "0-1"]
[WhiteElo "2715"]
[BlackElo "2720"]
[PlyCount "38"]
[EventDate "1985.??.??"]
[Source "www.chesslib.no"]
[SourceDate "2004.05.04"]

1. e4 e5 2. Nf3 Nc6 3. Bb5 a6 4. Ba4 Nf6 5. O-O Be7 6. Re1 b5 7. Bb3 d6 8. c3 O-O 9. h3 Bb7 10. d4 Re8 11. Nbd2 Bf8 12. a4 Qd7 13. d5 Na5 14. Ba2 c6 15. b4 c5 16. Bb2 Nb3 17. Nd4 Qg4 18. Qc1 cxb4 19. Re3 Nxe4 0-1

[Event "i 38/458"]
[Site "i 38/458"]
[Date "1985.??.??"]
[Round "?"]
[White "Kasparov, Gary"]
[Black "Karpov, Anatoly"]
[Result "1/2-1/2"]
[WhiteElo "2715"]
[BlackElo "2720"]
[PlyCount "77"]
[EventDate "1985.??.??"]
[Source "www.chesslib.no"]
[SourceDate "2004.05.04"]

1. e4 e5 2. Nf3 Nc6 3. Bb5 a6 4. Ba4 Nf6 5. O-O Be7 6. Re1 b5 7. Bb3 d6 8. c3 O-O 9. h3 Bb7 10. d4 Re8 11. a4 h6 12. Nbd2 exd4 13. cxd4 Nb4 14. Qe2 Bf8 15. e5 Bc6 16. axb5 Bxb5 17. Qd1 Nfd5 18. Ne4 c6 19. Nc3 Rb8 20. Nxb5 axb5 21. exd6 Bxd6 22. Bd2 Qc7 23. Qb1 Qd7 24. Ne5 Bxe5 25. Rxe5 Rxe5 26. dxe5 c5 27. Qe4 c4 28. Bd1 Nd3 29. Bg4 Qb7 30. Qd4 Qb6 31. Qxd5 Qxf2+ 32. Kh2 Qxd2 33. Rf1 Qg5 34. Qxf7+ Kh8 35. e6 Ne5 36. Qf5 Nxg4+ 37. hxg4 Re8 38. Qxg5 hxg5 39. Rf5 1/2-1/2

[Event "05, WM Moskau [i 40/433"]
[Site "05, WM Moskau [i 40/433"]
[Date "1985.??.??"]
[Round "?"]
[White "Kasparov, Gary"]
[Black "Karpov, Anatoly"]
[Result "0-1"]
[WhiteElo "2715"]
[BlackElo "2720"]
[PlyCount "88"]
[EventDate "1985.??.??"]
[Source "www.chesslib.no"]
[SourceDate "2004.05.04"]

1. e4 e5 2. Nf3 Nc6 3. Bb5 a6 4. Ba4 Nf6 5. O-O Be7 6. Re1 b5 7. Bb3 d6 8. c3 O-O 9. h3 Bb7 10. d4 Re8 11. Nbd2 Bf8 12. a4 Qd7 13. axb5 axb5 14. Rxa8 Bxa8 15. d5 Na5 16. Ba2 c6 17. b4 Nb7 18. c4 Rc8 19. dxc6 Qxc6 20. c5 Nd8 21. Bb2 dxc5 22. bxc5 Qxc5 23. Bxe5 Nd7 24. Bb2 Qb4 25. Nb3 Nc5 26. Ba1 Bxe4 27. Nfd4 Ndb7 28. Qe2 Nd6 29. Nxc5 Qxc5 30. Qg4 Re8 31. Rd1 Bg6 32. Qf4 Qb4 33. Qc1 Be4 34. Re1 Qa5 35. Bb3 Qa8 36. Qb2 b4 37. Re3 Bg6 38. Rxe8 Qxe8 39. Qc1 Ne4 40. Bd5 Nc5 41. Nb3 Nd3 42. Qd2 Qb5 43. Bf3 Qc4 44. Bd1 h6 0-1

[Event "46, WM Moskau [i 38/459; YB 3/"]
[Site "46, WM Moskau [i 38/459; YB 3"]
[Date "1985.??.??"]
[Round "?"]
[White "Kasparov, Gary"]
[Black "Karpov, Anatoly"]
[Result "1/2-1/2"]
[WhiteElo "2715"]
[BlackElo "2720"]
[PlyCount "87"]
[EventDate "1985.??.??"]
[Source "www.chesslib.no"]
[SourceDate "2004.05.04"]

1. e4 e5 2. Nf3 Nc6 3. Bb5 a6 4. Ba4 Nf6 5. O-O Be7 6. Re1 b5 7. Bb3 d6 8. c3 O-O 9. h3 Bb7 10. d4 Re8 11. Nbd2 Bf8 12. a4 Qd7 13. axb5 axb5 14. Rxa8 Bxa8 15. d5 Nd8 16. Nf1 h6 17. N3h2 Nb7 18. Bc2 Nc5 19. b4 Na6 20. Ng4 Nh7 21. Ng3 c6 22. dxc6 Bxc6 23. Bb3 Nc7 24. Qf3 Ne6 25. h4 Qd8 26. Rd1 Qa8 27. Bd5 Bxd5 28. exd5 Nc7 29. Ne4 Qc8 30. Ne3 Qd7 31. Nf5 Ra8 32. Qh3 Rd8 33. Be3 Qc8 34. Qf3 Ne8 35. Bb6 Rd7 36. h5 Qb7 37. Be3 Kh8 38. g4 Be7 39. Nxe7 Rxe7 40. g5 hxg5 41. Bxg5 Rc7 42. h6 g6 43. Bf6+ Nexf6 44. Nxf6 1/2-1/2

[Event "Porzellan Cup"]
[Site "Dresden"]
[Date "2000.??.??"]
[Round "3.1"]
[White "Shirov, Alexei"]
[Black "Almasi, Zoltan"]
[Result "1-0"]
[WhiteElo "2750"]
[BlackElo "2675"]
[PlyCount "101"]
[EventDate "2000.01.??"]
[Source "ChessBase"]
[SourceDate "2000.03.10"]

1. e4 e5 2. Nf3 Nc6 3. Bb5 a6 4. Ba4 Nf6 5. O-O Be7 6. Re1 b5 7. Bb3 d6 8. c3 O-O 9. h3 Bb7 10. d4 Re8 11. a4 h6 12. Nbd2 Bf8 13. Bc2 Nb8 14. Bd3 c6 15. b4 Nbd7 16. Rb1 Qc7 17. Bb2 Rad8 18. Qc2 Nb6 19. a5 Nbd7 20. c4 bxc4 21. Nxc4 exd4 22. Bxd4 c5 23. bxc5 dxc5 24. Ba1 Nh5 25. Nh4 Bc6 26. Nf5 g6 27. Nfe3 Nf4 28. Nd5 Bxd5 29. exd5 Bg7 30. d6 Qc8 31. Bxg7 Kxg7 32. Re7 Nf6 33. Rc7 Qe6 34. Bf1 Nd7 35. Ra7 Ra8 36. Qc3+ Nf6 37. Rxa8 Rxa8 38. Re1 N4d5 39. Qa1 Qd7 40. g3 Re8 41. Bg2 Rxe1+ 42. Qxe1 Nb4 43. Qe5 Nd3 44. Qe3 Nb4 45. Qxc5 Qa4 46. Qd4 Nc2 47. Qc3 Nb4 48. d7 Qd1+ 49. Kh2 Nbd5 50. Qe5 Nb4 51. Nd6 1-0

[Event "WM Leningrad"]
[Site "?"]
[Date "1986.??.??"]
[Round "14"]
[White "Kasparov, Gary"]
[Black "Karpov, Anatoly"]
[Result "1-0"]
[WhiteElo "2720"]
[BlackElo "2700"]
[PlyCount "95"]
[EventDate "1986.??.??"]
[Source "www.chesslib.no"]
[SourceDate "2004.05.04"]

1. e4 e5 2. Nf3 Nc6 3. Bb5 a6 4. Ba4 Nf6 5. O-O Be7 6. Re1 b5 7. Bb3 d6 8. c3 O-O 9. h3 Bb7 10. d4 Re8 11. Nbd2 Bf8 12. a4 h6 13. Bc2 exd4 14. cxd4 Nb4 15. Bb1 c5 16. d5 Nd7 17. Ra3 c4 18. axb5 axb5 19. Nd4 Rxa3 20. bxa3 Nd3 21. Bxd3 cxd3 22. Bb2 Qa5 23. Nf5 Ne5 24. Bxe5 dxe5 25. Nb3 Qb6 26. Qxd3 Ra8 27. Rc1 g6 28. Ne3 Bxa3 29. Ra1 Ra4 30. Ng4 Bf8 31. Rc1 Qd6 32. Nc5 Rc4 33. Rxc4 bxc4 34. Nxb7 cxd3 35. Nxd6 Bxd6 36. Kf1 Kg7 37. f3 f5 38. Nf2 d2 39. Ke2 Bb4 40. Nd3 Bc3 41. Nc5 Kf6 42. Nb3 Ke7 43. Nxd2 Kd6 44. Kd3 Bb4 45. Nb3 Be1 46. Kc4 Bf2 47. Kb5 Be3 48. Na5 1-0

[Event "Deutschland 87/322"]
[Site "?"]
[Date "2003.??.??"]
[Round "?"]
[White "Kasimdzhanov, R."]
[Black "Sokolov, I."]
[Result "1/2-1/2"]
[WhiteElo "2676"]
[BlackElo "2688"]
[PlyCount "82"]
[EventDate "2003.??.??"]
[Source "Chess Informant"]
[SourceDate "2003.02.01"]

1. e4 e5 2. Nf3 Nc6 3. Bb5 a6 4. Ba4 Nf6 5. O-O Be7 6. Re1 b5 7. Bb3 d6 8. c3 O-O 9. h3 Bb7 10. d4 Re8 11. Nbd2 Bf8 12. a4 h6 13. Bc2 Qd7 14. d5 Ne7 15. b3 c6 16. c4 Qc7 17. Nf1 Nd7 18. Ne3 Rec8 19. dxc6 Bxc6 20. Ba3 Ng6 21. Nd2 Nf4 22. Rc1 Qd8 23. Nd5 Ne6 24. axb5 axb5 25. Bb4 Nd4 26. Bd3 bxc4 27. Bxc4 Nb6 28. Nxb6 Qxb6 29. Bc3 Be7 30. Qh5 Ne6 31. Re3 Bg5 32. Rf3 Qb7 33. Bxe6 fxe6 34. Qg4 Qe7 35. Re1 h5 36. Qg3 Bf4 37. Rxf4 exf4 38. Qxf4 Bb5 39. Bb4 e5 40. Qf3 h4 41. Qe3 Ra6 1/2-1/2

[Event "Reggio Emilia"]
[Site "?"]
[Date "1991.??.??"]
[Round "?"]
[White "Khalifman, A."]
[Black "Karpov, An"]
[Result "1-0"]
[WhiteElo "2630"]
[BlackElo "2730"]
[PlyCount "89"]
[EventDate "1991.??.??"]
[Source "ChessBase"]
[SourceDate "1991.10.01"]

1. e4 e5 2. Nf3 Nc6 3. Bb5 a6 4. Ba4 Nf6 5. O-O Be7 6. Re1 b5 7. Bb3 d6 8. c3 O-O 9. h3 Bb7 10. d4 Re8 11. Ng5 Rf8 12. Nf3 Re8 13. Nbd2 Bf8 14. a4 h6 15. Bc2 exd4 16. cxd4 Nb4 17. Bb1 c5 18. d5 Nd7 19. Ra3 f5 20. Nh2 Nf6 21. Rf3 Re5 22. Rxf5 Rxf5 23. exf5 Bxd5 24. Ne4 Bxe4 25. Bxe4 d5 26. Bf3 c4 27. Re6 Nd3 28. Be3 d4 29. Bxh6 Nxb2 30. Qc2 Nxa4 31. Bg5 d3 32. Qd2 Nc5 33. Bxf6 gxf6 34. Rc6 Rc8 35. Rxc8 Qxc8 36. Bd5+ Kh7 37. Qf4 d2 38. Qg4 d1=Q+ 39. Qxd1 Qxf5 40. Ng4 Bh6 41. Qe1 Bf8 42. Qe8 Qb1+ 43. Kh2 Bd6+ 44. g3 Qg6 45. Qd8 1-0

[Event "Turin ITA"]
[Site "Turin ITA"]
[Date "1982.??.??"]
[Round "?"]
[White "Ljubojevic, Ljubomir"]
[Black "Karpov, Anatoly"]
[Result "1-0"]
[WhiteElo "2600"]
[BlackElo "2720"]
[PlyCount "56"]
[EventDate "1982.??.??"]
[Source "www.chesslib.no"]
[SourceDate "2004.05.04"]

1. e4 e5 2. Nf3 Nc6 3. Bb5 a6 4. Ba4 Nf6 5. O-O Be7 6. Re1 b5 7. Bb3 O-O 8. c3 d6 9. h3 Bb7 10. d4 Nd7 11. Nbd2 Bf6 12. Nf1 Re8 13. Ng3 g6 14. Bh6 Na5 15. Bc2 c5 16. d5 Nc4 17. Qc1 Bg7 18. a4 Ncb6 19. a5 Nc8 20. Ba4 Bf6 21. Qe3 Re7 22. Nh4 Na7 23. Qc1 b4 24. Qd2 Bxd5 25. Bc6 Bc4 26. Bb7 Rb8 27. Bd5 Ra8 28. cxb4 Re6 1-0

[Event "Monaco"]
[Site "Monaco MNC"]
[Date "1993.??.??"]
[Round "?"]
[White "Ivanchuk, Vassily"]
[Black "Ljubojevic, Ljubomir"]
[Result "1/2-1/2"]
[WhiteElo "2710"]
[BlackElo "2605"]
[PlyCount "73"]
[EventDate "1993.??.??"]
[Source "www.chesslib.no"]
[SourceDate "2004.05.04"]

1. e4 e5 2. Nf3 Nc6 3. Bb5 a6 4. Ba4 Nf6 5. O-O Be7 6. Re1 b5 7. Bb3 O-O 8. c3 d6 9. h3 Bb7 10. d4 Re8 11. Nbd2 Bf8 12. a4 h6 13. Bc2 g6 14. d5 Nb8 15. b3 c6 16. c4 bxc4 17. bxc4 a5 18. Rb1 Qc7 19. Nb3 Ba6 20. Bd3 Nbd7 21. Bd2 cxd5 22. Bxa5 Qa7 23. cxd5 Bxd3 24. Qxd3 Nc5 25. Nxc5 Qxa5 26. Nb3 Qxa4 27. Ra1 Qb4 28. Nbd2 Rxa1 29. Rxa1 Rc8 30. Rb1 Qa4 31. g3 Be7 32. Kg2 Bd8 33. Rb3 Kg7 34. Ra3 Qb4 35. Rb3 Qa4 36. Ra3 Qb4 37. Ra6 1/2-1/2

[Event "Wijk aan Zee 71/368"]
[Site "?"]
[Date "1998.??.??"]
[Round "?"]
[White "Nijboer, Friso"]
[Black "Karpov, Anatoly"]
[Result "1/2-1/2"]
[WhiteElo "2580"]
[BlackElo "2735"]
[PlyCount "77"]
[EventDate "1998.??.??"]
[Source "ChessBase"]
[SourceDate "1997.10.01"]

1. e4 e5 2. Nf3 Nc6 3. Bb5 a6 4. Ba4 Nf6 5. O-O Be7 6. Re1 b5 7. Bb3 d6 8. c3 O-O 9. h3 Bb7 10. d4 Re8 11. Nbd2 Bf8 12. d5 Nb8 13. Nf1 Nbd7 14. N3h2 Nc5 15. Bc2 c6 16. dxc6 Bxc6 17. Bg5 h6 18. Bxf6 Qxf6 19. Ng4 Qg5 20. Qf3 Qf4 21. Qxf4 exf4 22. Nd2 Ra7 23. Nh2 Rae7 24. Nhf3 Nxe4 25. Nxe4 Bxe4 26. Bxe4 Rxe4 27. Rxe4 Rxe4 28. Kf1 g6 29. Rc1 f5 30. Nd2 Re8 31. Re1 Rc8 32. Ke2 Kf7 33. Kd3 Bg7 34. a4 bxa4 35. Ra1 Rb8 36. Kc2 Re8 37. Kd3 Rb8 38. Kc2 Re8 39. Kd1 1/2-1/2

[Event "Linares"]
[Site "?"]
[Date "1997.??.??"]
[Round "?"]
[White "Adams, Mi"]
[Black "Nikolic, P."]
[Result "1/2-1/2"]
[WhiteElo "2660"]
[BlackElo "2655"]
[PlyCount "47"]
[EventDate "1997.??.??"]
[Source "ChessBase"]
[SourceDate "1997.02.01"]

1. e4 e5 2. Nf3 Nc6 3. Bb5 a6 4. Ba4 Nf6 5. O-O Be7 6. Re1 b5 7. Bb3 d6 8. c3 O-O 9. h3 Bb7 10. d4 Re8 11. Ng5 Rf8 12. Nf3 Re8 13. Nbd2 Bf8 14. d5 Nb8 15. Nf1 Nbd7 16. N3h2 h6 17. Ng4 c6 18. dxc6 Bxc6 19. Qf3 a5 20. Qf5 Qe7 21. Ng3 Nxg4 22. Qxg4 Nf6 23. Qf3 a4 24. Bc2 1/2-1/2

[Event "Frankfurt Ordix op"]
[Site "Frankfurt"]
[Date "1998.06.21"]
[Round "9"]
[White "Kindermann, Stefan"]
[Black "Ivanchuk, Vassily"]
[Result "1/2-1/2"]
[WhiteElo "2565"]
[BlackElo "2740"]
[PlyCount "149"]
[EventDate "1998.06.20"]
[Source "ChessBase"]
[SourceDate "1998.09.09"]

1. e4 e5 2. Nf3 Nc6 3. Bb5 a6 4. Ba4 Nf6 5. O-O Be7 6. Re1 b5 7. Bb3 O-O 8. c3 d6 9. h3 Bb7 10. d4 Re8 11. Ng5 Rf8 12. Nf3 Na5 13. Bc2 Nc4 14. Nbd2 Nxd2 15. Bxd2 Re8 16. a4 Bf8 17. dxe5 dxe5 18. Bg5 Qe7 19. Nh2 h6 20. Bh4 Rad8 21. Qe2 c6 22. Bb3 Bc8 23. axb5 axb5 24. Nf1 Be6 25. Bxe6 Qxe6 26. Ra6 Ra8 27. Rea1 Rxa6 28. Rxa6 Qc8 29. Ra1 Nd7 30. f3 Nc5 31. Bf2 Rd8 32. Rd1 Ne6 33. Rxd8 Qxd8 34. Qd2 Qc7 35. Ne3 h5 36. h4 g6 37. Nc2 Be7 38. g3 Kf8 39. Ne1 Kg7 40. Nd3 c5 41. b3 c4 42. bxc4 bxc4 43. Nb2 Bc5 44. Qe2 Bxf2+ 45. Kxf2 Qb6+ 46. Kg2 Qb3 47. Nxc4 Qxc3 48. Ne3 Nd4 49. Qf2 f5 50. exf5 gxf5 51. Nf1 f4 52. Nd2 Qe3 53. Qxe3 fxe3 54. Nc4 e2 55. Kf2 Nxf3 56. Kxe2 Nd4+ 57. Ke3 Kf6 58. Ke4 Nf5 59. Nxe5 Nxg3+ 60. Kf3 Nf5 61. Nd3 Nxh4+ 62. Kg3 Nf5+ 63. Kh3 Kg5 64. Ne1 Nd4 65. Kg3 Ne2+ 66. Kf3 Nf4 67. Ng2 Ng6 68. Kg3 Ne7 69. Nh4 Nd5 70. Nf3+ Kg6 71. Kh4 Nf6 72. Ne5+ Kh6 73. Nf7+ Kg7 74. Nd6 Kg6 75. Nc4 1/2-1/2

[Event "Dortmund 73/402"]
[Site "?"]
[Date "1998.??.??"]
[Round "?"]
[White "Leko, Peter"]
[Black "Almasi, Zoltan"]
[Result "1/2-1/2"]
[WhiteElo "2670"]
[BlackElo "2630"]
[PlyCount "81"]
[EventDate "1998.??.??"]
[Source "ChessBase"]
[SourceDate "1998.06.01"]

1. e4 e5 2. Nf3 Nc6 3. Bb5 a6 4. Ba4 Nf6 5. O-O Be7 6. Re1 b5 7. Bb3 d6 8. c3 O-O 9. h3 Bb7 10. d4 Re8 11. Nbd2 Bf8 12. a4 h6 13. Bc2 exd4 14. cxd4 Nb4 15. Bb1 c5 16. d5 Nd7 17. Ra3 f5 18. Nh2 Nf6 19. g4 fxe4 20. g5 hxg5 21. Nxe4 Nbxd5 22. Bxg5 Qd7 23. Bxf6 Nxf6 24. Nxf6+ gxf6 25. Ng4 Bg7 26. Rg3 Rxe1+ 27. Qxe1 Kf8 28. Bg6 f5 29. Nh2 Qe7 30. Qd2 Qf6 31. Rg5 Bh6 32. Rxf5 Bxd2 33. Rxf6+ Kg7 34. Rxd6 Bf4 35. Rd7+ Kxg6 36. Rxb7 bxa4 37. Rb6+ Kg7 38. Ng4 Rb8 39. Rxa6 Rb4 40. Ne3 Be5 41. Nd5 1/2-1/2

[Event "15. European Team Championship"]
[Site "?"]
[Date "2005.07.30"]
[Round "1.5"]
[White "Kulaots Kaido"]
[Black "Bacrot Etienne"]
[Result "0-1"]
[WhiteElo "2570"]
[BlackElo "2729"]
[PlyCount "246"]
[EventDate "2005.??.??"]
[Source "www.chesslib.no"]
[SourceDate "2004.05.04"]

1. e4 e5 2. Nf3 Nc6 3. Bb5 a6 4. Ba4 Nf6 5. O-O Be7 6. Re1 b5 7. Bb3 d6 8. c3 O-O 9. h3 Bb7 10. d4 Re8 11. Nbd2 Bf8 12. d5 Nb8 13. Nf1 Nbd7 14. N3h2 Nc5 15. Bc2 c6 16. b4 Ncd7 17. dxc6 Bxc6 18. Bg5 h6 19. Bxf6 Nxf6 20. Ng4 Nxg4 21. Qxg4 Bd7 22. Qf3 Rc8 23. Bb3 Be6 24. Bxe6 fxe6 25. a4 Qd7 26. axb5 axb5 27. Qd3 Qc6 28. Ra3 d5 29. exd5 exd5 30. Ne3 d4 31. cxd4 exd4 32. Qxd4 Re4 33. Qa1 Bxb4 34. Ra6 Qe8 35. Rc1 Rxc1+ 36. Qxc1 Bf8 37. Rc6 Ra4 38. g3 Qa8 39. Qc2 Ra1+ 40. Kh2 Qa2 41. Kg2 Qxc2 42. Rxc2 Ra7 43. Kf3 b4 44. Ke4 Kf7 45. Kd3 Ke6 46. Rc6+ Kd7 47. Rc2 Ra1 48. Kc4 g5 49. h4 gxh4 50. gxh4 Rh1 51. Rd2+ Kc6 52. Nf5 Rh3 53. Rd3 Rxd3 54. Kxd3 Kb5 55. h5 Ka4 56. Kc2 Ka3 57. Kb1 Kb3 58. Ne3 Kc3 59. Ng4 Bg7 60. Ne3 Kd3 61. Nf5 Bf8 62. Ng3 Kd4 63. Kc2 Ke5 64. Kb3 Kf4 65. Kc4 Bd6 66. Kd5 Be7 67. Kc4 Kg4 68. Kb3 Bf8 69. Kc4 Kf4 70. Kb3 Bc5 71. Kc4 Be7 72. Kb3 Ke5 73. Kc4 Bd6 74. Kb3 Bc5 75. Kc4 Bd6 76. Kb3 Kf4 77. Kc4 Kg4 78. Ne4 Be7 79. Ng3 Bh4 80. f3+ Kxg3 81. Kxb4 Kxf3 82. Kc4 Ke3 83. Kc3 Bf6+ 84. Kc2 Ke2 85. Kc1 Bg5+ 86. Kc2 Bd2 87. Kb3 Kd3 88. Kb2 Be3 89. Kb1 Kc3 90. Ka1 Bd4 91. Kb1 Kd2 92. Ka2 Kc2 93. Ka3 Bg7 94. Ka2 Kc1 95. Kb3 Kb1 96. Ka3 Bh8 97. Kb3 Bb2 98. Kc4 Kc2 99. Kb4 Bc1 100. Kc4 Be3 101. Kb4 Bd4 102. Ka3 Bc5+ 103. Ka2 Bb4 104. Ka1 Kd3 105. Kb2 Ke3 106. Kc2 Ba5 107. Kd1 Kf3 108. Kc2 Be1 109. Kd1 Bh4 110. Kd2 Bf2 111. Kd1 Kg2 112. Ke2 Kg1 113. Kd1 Kf1 114. Kd2 Bh4 115. Kd1 Bg5 116. Kc2 Ke2 117. Kc3 Kd1 118. Kb2 Bf6+ 119. Kb1 Bd4 120. Ka2 Ke2 121. Kb1 Kf3 122. Kc2 Kg4 1 3. Kd3 Kxh5 0-1

[Event "Corr"]
[Site "?"]
[Date "2002.01.15"]
[Round "?"]
[White "Hamarat Tunc"]
[Black "Bang Erik BH"]
[Result "1/2-1/2"]
[WhiteElo "2640"]
[BlackElo "2658"]
[PlyCount "83"]
[EventDate "2002.??.??"]
[Source "www.chesslib.no"]
[SourceDate "2004.05.04"]

1. e4 e5 2. Nf3 Nc6 3. Bb5 a6 4. Ba4 Nf6 5. O-O Be7 6. Re1 b5 7. Bb3 O-O 8. c3 d6 9. h3 Bb7 10. d4 Re8 11. Nbd2 Bf8 12. a4 h6 13. d5 Ne7 14. Nh2 c6 15. dxc6 Bxc6 16. Ng4 Ng6 17. Qf3 Nf4 18. Nxf6+ Qxf6 19. Nf1 Rab8 20. axb5 axb5 21. Bd2 Be7 22. Ra6 Bb7 23. Ra5 Bc8 24. Nh2 Bd8 25. Ra7 Rf8 26. Ng4 Bxg4 27. hxg4 Bb6 28. Rd7 Nh3+ 29. Kf1 Qxf3 30. gxf3 Bxf2 31. Rd1 Bc5 32. Bd5 b4 33. cxb4 Bxb4 34. Bxb4 Rxb4 35. b3 Ng5 36. Kf2 Rc8 37. Bc4 Rcxc4 38. bxc4 Rxc4 39. R7xd6 Rc3 40. R1d3 Rxd3 41. Rxd3 Kh7 42. Rd5 1/2-1/2